Immigration Australien - Statistiken

Allgemein
  • Dieses Quiz wurde 87 mal gespielt
  • Das Durchschnittsergebnis liegt bei 11 aus 15
Antwortstatistiken
Platz Land Anzahl % Korrekt
3. China 650.640
96%
2. Indien 721.050
95%
1. Vereinigtes Königreich 1.112.950
95%
14. Vereinigte Staaten 110.160
95%
13. Deutschland 111.030
94%
4. Neuseeland 564.840
92%
9. Malaysia 177.460
72%
8. Italien 177.840
71%
5. Philippinen 310.050
70%
6. Vietnam 270.340
68%
12. Südkorea 111.530
67%
7. Südafrika 200.240
53%
10. Sri Lanka 146.950
42%
15. Griechenland 103.710
38%
11. Nepal 131.830
28%
Keine übereinstimmenden Quizze gefunden
Verteilung der Resultate
Anzahl Personen mit jedem Resultat
Perzentil nach korrekt beantworteten Fragen
Ihre Resultats-Entwicklung
Sie haben dieses Quiz noch nicht gespielt